000 00652nam a2200241Ia 4500
003 OSt
005 20221005120633.0
006 a|||||r|||| 00| 0
007 ta
008 221004b |||||||| |||| 00| 0 mal d
024 _a56681
037 _cTextual
040 _aCRL
_cCRL
_bmal
041 _2mal
_amal
082 _aO32,3N14w, K7
100 _aPillai Thakazhi Sivasankara Au.
245 0 _aEnte baliakala katha
260 _c1967
650 _a MALAYALAM LITERATURE
_938866
650 _aMALAYALAM FICTION
_9183428
942 _hO32,3N14w, K7
_cTEXL
_2cc
999 _c1038635
_d1038635